000 nam a22 7a 4500
999 _c127523
_d127523
008 180209b xxu||||| |||| 00| 0 eng d
020 _a9781524759506
050 _aBX1751.3.B375 2017
100 _aBarron, Robert
_939118
245 _aTo light a fire on the earth
_bproclaiming the Gospel in a Secular Age
_cRobert Barron with John L. Allen
260 _aNew York
_bImage Books
_c2017
300 _a260p. ;
_c24cm.
600 _aBarron, Robert
_939118
650 _aCatholic Church
_xDoctrines
_94786
650 _aChristianity and culture
_939119
700 _aAllen, John L.
_939120
942 _2lcc
_cMONOGRAPH